| 000 | 00463nam a22001337a 4500 | ||
|---|---|---|---|
| 020 | _a9787229096519 | ||
| 082 |
_a338.761004165 _bPAC |
||
| 100 | _aPackard, David | ||
| 245 |
_aThe HP Way: American Partners' Entrepreneurial Thinking (Chinese Edition) / _cDavid Packard |
||
| 260 |
_aChina : _bChongqing Press, _c2016. |
||
| 300 |
_a208 p. ; _c23 cm. |
||
| 880 |
_6245-02\r _a惠普之道:美国合伙人的创业思维(中文版)/ |
||
| 942 |
_2ddc _cBK |
||
| 999 |
_c591741 _d591741 |
||